000 00326 a2200109 4500
001 ART_40013
005 20260410161841.0
008 260409a
245 1 0 _aEl control judicial de las declaraciones de emergencia
100 1 _aPadilla, Miguel M.
773 0 _tRAP
_g- Año 24, Nº 283 (abr. 2002)
_wREV5941
999 _c24133
_d24133